000 00442nam a2200157Ia 4500
008 151021s9999 xx 000 0 und d
020 _a72414944
050 _aQ 158.5 T55 2002
245 _a_Physical Science(5th ed) BIll W. Tillery
260 _aBoston McGraw hill 2002
300 _axvi,699p.;ill
500 _aIncludes index.
500 _aIncludes index.
650 _a_Physical sciences
980 _a^d20120829 12:18:04^oanne
999 _c12625
_d12625